ბათუმის შოთა რუსთაველის სახელმწიფო უნივერსიტეტის ბიბლიოთეკა

ბოლშევიკური წესრიგი საქართველოში : (ბიბ.ჩანაწერი № 53697)

000 -ლიდერი
ფიქსირებული სიგრძის საკონტროლო ველი 01508nam a2200301Ia 4500
001 - საკონტროლო ნომერი
საკონტროლო ველი 20745
003 - საკონტროლო ნომრის იდენტიფიკატორი
საკონტროლო ველი GE_BSU
005 - ბოლო ოპერაციის თარიღი და დრო
საკონტროლო ველი 20210322135657.0
008 - ფიქსირებული სიგრძის მონაცემთა ელემენტები - ზოგადი ინფორმაცია
ფიქსირებული სიგრძის საკონტროლო ველი 181216s2015||||ge |||||||||||||| ||geo||
020 ## - წიგნის საერთაშორისო სტანდარტული ნომერი
International Standard Book Number 9789941079900
040 ## - კატალოგიზაციის წყარო
Transcribing agency GE_BSU
041 ## - ენის კოდი
Language code of text/sound track or separate title geo
080 ## - უნივერსალური ათობითი კლასიფიკაციის ინდექსი
Universal Decimal Classification number 321.64(479.22)(093)+94(479.22) ი-93
100 ## - მთავარი ჩანაწერი - პიროვნების სახელი
Personal name იუნგე, მარკ.
9 (RLIN) 10599
245 ## - ცნობა სათაურის შესახებ
Title ბოლშევიკური წესრიგი საქართველოში :
Remainder of title 1ტ. დიდი ტერორი კავკასიის პატარა რესპუბლიკაში /
Statement of responsibility, etc მარკ იუნგე, ომარ თუშურაშვილი, ბერნდ ბონვეჩი.
264 ## - წარმოების, გამოცემის, დისტრიბუციის და სხვა ცნობები
გამოცემის, წარმოების, დისტრიბუციის... ადგილი თბილისი :
გამოცემის, წარმოების, დისტრიბუციის... სახელწოდება [?],
გამოცემის, წარმოების, დისტრიბუციის... თარიღი 2015.
300 ## - ფიზიკური აღწერა
Extent 290 გვ. ;
Dimensions 27 სმ.
501 ## - შენიშვნა თანმხლებ მასალაზე
With note ცხრილების ნუმერაც. გვ. : 272-275
504 ## - BIBLIOGRAPHY, ETC. NOTE
Bibliography, etc ბიბლიოგრაფია გვ. : 276-288
653 ## - INDEX TERM--UNCONTROLLED
Uncontrolled term ბოლშევიკური წესრიგი საქართველოში
653 ## - INDEX TERM--UNCONTROLLED
Uncontrolled term დიდი ტერორი კავკასიის პატარა რესპუბლიკაში
653 ## - INDEX TERM--UNCONTROLLED
Uncontrolled term ისტორია
653 ## - INDEX TERM--UNCONTROLLED
Uncontrolled term პოლიტიკა
700 ## - ADDED ENTRY--PERSONAL NAME
Personal name თუშურაშვილი, ომარ
Relator term ავტორი
9 (RLIN) 10600
700 ## - ADDED ENTRY--PERSONAL NAME
Personal name ბონვეჩი, ბერნდ
Relator term ავტორი
9 (RLIN) 4431
942 ## - ADDED ENTRY ELEMENTS (KOHA)
Koha item type წიგნი
Source of classification or shelving scheme
ეგზემპლარები
ჩამოწერის სტატუსი დაკარგული ეგზემპლარის სტატუსი კლასიფიკაციის წყარო ან თაროზე გაწყობის სქემა დაზიანების სტატუსი არ გაიცემა მუდმივი მდებარეობა (დაცვის ადგილი) ამჟამინდელი ადგილსამყოფელი თაროზე განთავსების ადგილი შეძენის თარიღი ღირებულება, შესყიდვის ნორმალური ფასი სრული შენახვის შიფრი შტრიხკოდი ბოლო ოპერაციის თარიღი ეგზემპლარის მიმდევრობითი ნომერი (კეტერი?) ფასის ძალაში შესვლის თარიღი ეგზემპლარის სახეობა საჯარო შენიშვნა
          ბათუმის შოთა რუსთაველის სახელმწიფო უნივერსიტეტის მთავარი ბიბლიოთეკა ბათუმის შოთა რუსთაველის სახელმწიფო უნივერსიტეტის მთავარი ბიბლიოთეკა წიგნსაცავი 2018-12-17 10.00 321.64(479.22)(093)+94(479.22) ი-93 54064 2018-12-17 54064 2018-12-17 წიგნი 10.00 ლ.